00577nam a2200181Ia 4500001000900000003000500009005001700014008004100031020001800072040000900090082001600099100002200115245004500137260003700182300001100219500001400230650015100244dia_3578CHAP20251021152440.0220601s9999 xx 000 0 und d a0.8493-0849-6 cCHAP a641.3002 B7 aBrown, Martyn Ed. aHaccp in the meat industry/martyn, brown aEstados Unidos de América: CRC a329 p. aI. 229510 a1. carne-inocuidad2. carne-calidad, control de3. sistemas de calidad4. Inocuidad de la carne5. Puntos críticos de control6. Alimentos-calidadÌ